| 000 | 00696nam a2200253 a 4500 | ||
|---|---|---|---|
| 001 | BS0000060 | ||
| 003 | BR-BrBNA | ||
| 005 | 20230808153158.0 | ||
| 008 | 230308b |||||||| |||| 00| 0 por d | ||
| 040 |
_aBR-BrBNA _bpor _cBiblioteca Nacional de Agricultura |
||
| 041 | _apor | ||
| 072 | _aC12 | ||
| 090 | _aC12 BS0000060 | ||
| 100 | 1 | _aSampaio, Walter. | |
| 245 | 1 |
_aJornalismo audiovisual : _bteoria e prática do jornalismo no rádio, TV e cinema / |
|
| 260 | 3 |
_aSão Paulo: _bUSP, _c1971. |
|
| 300 | _a118 p. | ||
| 650 | _aCOMUNICAÇÃO | ||
| 650 | _aJORNALISMO AUDIOVISUAL | ||
| 650 | _aRADIOJORNALISMO | ||
| 650 | _aTELEJORNALISMO | ||
| 650 | _aCINEJORNALISMO | ||
| 942 |
_cBK _2AGRIS |
||
| 999 |
_c5123 _d5123 |
||